000 02181nam0a2200337 i 4500
001 RU\NLR\BIBL_A\010672016
005 20240726071050.0
010 _a9785906500045
021 _aRU
_b2014-95070
_95778
035 _a(NILC)RuMoRGB-007838916
035 _a(NLR Aleph) 010672016
090 _a9610172
_c9610172
100 _a20150213d2014 u y0rusy50 ca
101 0 _arus
102 _aRU
105 _aac z 000ay
200 1 _aОднажды на моей планете
_e[проза, поэзия
_eсборник]
_fЕлизавета Горбунова
_g[ил.: О.В. Подивилова
_gВидновское благочиние Моск. ерапхии Рус. Православ. Церкви и др.]
210 _aВидное
_cиздание Местной религиозной организации православного прихода Успенского храма г. Видное Московской области
_d2014
215 _a94, [2] с.
_cил., портр.
_d21
225 1 _aСерия Победители ежегодного православного районного конкурса литературного творчества "Благословение" на приз альманаха Видновского благочиния "Письмо к твоей душе"
300 _aНа авантит. в надзаг. также: Упр. образования администрации Ленинского муницип. р-на Моск. обл., Упр. по делам молодежи, культуре и спорту администрации Ленинского муницип. р-на Моск. обл., Ленинское отд-ние Моск. обл. орг. Союза писателей России
686 2 _aШ6(2=Р)8я44
700 1 _aГорбунова
_bЕ.
_f1998-
_gЕлизавета
702 1 _aПодивилова
_gОльга Васильевна
_4440
801 0 _aRU
_bРГБ
_c20141216
_gRCR
801 1 _aRU
_bРГБ
_c20141216
_2rusmarc
942 _cBOOK
980 _aNBR